Statistics for Countries of Scrambled Capitals

Click here to take the quiz!

General Stats

  • This quiz has been taken 108 times
  • The average score is 16 of 24

Answer Stats

Capital Scramble Country % Correct
DLNNOOUnited Kingdom
96%
AEGILRSAlgeria
84%
ABEGRZCroatia
80%
ABKLUAfghanistan
79%
AEIIPTTaiwan
77%
ABDEPSTUHungary
76%
AAACCRSVenezuela
74%
AALIMNPhilippines
72%
ASUVFiji
71%
ADUVZLiechtenstein
70%
AEIJKKRVYIceland
66%
AAELLTTVMalta
65%
AACCRGhana
65%
AADKRSenegal
63%
AANSSUBahamas
63%
AEHNSTGreece
62%
AABCENRRAustralia
59%
ACMSTUOman
55%
ABELMNOPBelize
51%
AEEIINNTVLaos
48%
AHKMORTUSudan
48%
ACEEGHNNOPDenmark
45%
AEENRVYArmenia
45%
AAEHRRZimbabwe
45%

Score Distribution

Percentile by Number Answered

Percent of People with Each Score

Your Score History

You have not taken this quiz